000 00415 a2200121 4500
001 ART_8031
005 20260410161831.0
008 260409a
245 1 0 _aLa gestión estratégica en tiempos de cambio
100 1 _aFreije Uriarte, Antonio
700 1 _aFreije Obregón, Inmaculada
773 0 _tBoletín de estudios económicos
_gEstrategia y empresa - Vol. 55, Nº 169 (abr. 2000)
_wREV5142
999 _c23236
_d23236